书目信息 |
| 题名: |
青春放轻松
|
|
| 作者: | 麦科伊, , 威贝尔斯曼, 著 ;杨学梅 , 孙英春 译 | |
| 分册: | ||
| 出版信息: | 北京 中信出版社 2003.11 |
|
| 页数: | 180页 | |
| 开本: | 24cm | |
| 丛书名: | ||
| 单 册: | ||
| 中图分类: | G479-49 | |
| 科图分类: | ||
| 主题词: | 青春期--qing chun qi--心理卫生--通俗读物 | |
| 电子资源: | ||
| ISBN: | 7-80073-951-1 | |
| 000 | 01261nam0 2200277 450 | |
| 001 | 012008442296 | |
| 005 | 20080424202506.81 | |
| 010 | @a7-80073-951-1@dCNY16.00 | |
| 100 | @a20080424d2003 km y0chiy0120 ea | |
| 101 | 1 | @achi@ceng |
| 102 | @aCN@b110000@b210000 | |
| 105 | @aa z 000yy | |
| 106 | @ar | |
| 200 | 1 | @a青春放轻松@Aqing chun fang qing song@d= Life Happens@f(美) 凯西·麦科伊(Kathleen McCoy), 查尔斯·威贝尔斯曼(Charles Wibbelsman)著@F(mei)kai xi·mai ke yi(Kathleen McCoy),cha er si·wei bei er si man(Charles Wibbelsman)zhu@g杨学梅, 孙英春译@Gyang xue mei,sun ying chun yi@zeng |
| 210 | @a北京@c中信出版社@a辽宁@c辽宁教育出版社@d2003.11 | |
| 215 | @a180页@c图@d24cm | |
| 330 | @a本书对青春期的心理卫生与健康教育进行讨论,从青少年心理与医疗专家的角度,对青春期的抑郁、早恋、遭受家庭变故等青少年心理挫折与困惑问题进行分析与指导。 | |
| 510 | 1 | @a Life Happens@zeng |
| 606 | 0 | @a青春期@Aqing chun qi@x心理卫生@j通俗读物 |
| 690 | @aG479-49@v4 | |
| 701 | 1 | @a麦科伊,@Amai ke yi,@bK.@g(McCoy, Kathleen)@4著 |
| 701 | 1 | @a威贝尔斯曼,@Awei bei er si man,@bC.@g(Wibbelsman, Charles)@4著 |
| 702 | 0 | @a杨学梅@Ayang xue mei@4译 |
| 702 | 0 | @a孙英春@Asun ying chun@4译 |
| 801 | 0 | @aCN@bQSSK@c20080424 |
| 905 | @b20704547-49@dG479-49@eM288@f3 | |
| 青春放轻松= Life Happens/(美) 凯西·麦科伊(Kathleen McCoy), 查尔斯·威贝尔斯曼(Charles Wibbelsman)著/杨学梅, 孙英春译.-北京:中信出版社;辽宁:辽宁教育出版社,2003.11 |
| 180页:图;24cm |
| ISBN 7-80073-951-1:CNY16.00 |
| 本书对青春期的心理卫生与健康教育进行讨论,从青少年心理与医疗专家的角度,对青春期的抑郁、早恋、遭受家庭变故等青少年心理挫折与困惑问题进行分析与指导。 |
| ● |
| 相关链接 |
|
|
|
正题名:青春放轻松
索取号:G479-49/M288
 
预约/预借
| 序号 | 登录号 | 条形码 | 馆藏地/架位号 | 状态 | 备注 |
| 1 | 704547 | 207045473 | 社科库409/409社科库 5排1列3层/ [索取号:G479-49/M288] | 在馆 | |
| 2 | 704548 | 207045482 | 社科库409/409社科库 5排1列3层/ [索取号:G479-49/M288] | 在馆 | |
| 3 | 704549 | 207045491 | 社科库409/409社科库 5排1列3层/ [索取号:G479-49/M288] | 在馆 |